SSRs - Sudden Death! - Statistics

General Stats
  • This quiz has been taken 14 times
  • The average score is 9 of 17
Answers on the Grid
Answers color-coded by a green-red scale on the quiz's grid according to % correct below.
Russia
Ukraine
Belarus
Estonia
Lativa
Lithuania
Azerbaijan
Armenia
Georgia
Transcaucasia
Karelo-Finland
Kazakhstan
Tajikistan
Turkmenistan
Uzbekistan
Kyrgyzstan
Moldavia
Finland
South Ossetia
Abkhazia
Mongolia
Afghanistan
North Korea
Far East
Poland
East Germany
Czechoslovakia
Romania
Albania
Bulgaria
Yugoslavia
Greece
Hungary
Austria
 
Answer Stats
Answer % Correct
Kazakhstan
75%
Kyrgyzstan
75%
Azerbaijan
63%
Tajikistan
63%
Ukraine
63%
Armenia
50%
Belarus
50%
Estonia
50%
Georgia
50%
Lativa
50%
Moldavia
50%
Russia
50%
Lithuania
38%
Transcaucasia
38%
Turkmenistan
38%
Uzbekistan
38%
Karelo-Finland
25%
No matching quizzes found
Score Distribution
Percent of People with Each Score
Percentile by Number Answered
Your Score History
You have not taken this quiz